000
00241nam a2200097Ia 4500
008
240625s9999 xx 000 0 und d
041
_a
eng
082
_a
808.20 MEH
100
_a
MEHTA GAURAV
245
_a
COMPETITOR ANALYSIS SALES PROMOTION OF V
999
_c
35749
_d
35749